El rey Miguel : (Registro nro. 9323)

Detalles MARC
000 -LIDER
fixed length control field 00871nam a22002657a 4500
001 - NÚMERO DE CONTROL
Identificador de número de control 240027
003 - IDENTIFICACDOR DE NÚMERO DE CONTROL
control field DO-SdBNP
005 - DATE AND TIME OF LATEST TRANSACTION
control field 20180202143055.0
007 - CAMPOS FIJOS DE DESCRIPCIÓN FÍSICA
fixed length control field 240027
008 - ELEMENTOS DE LONGITUD FIJA
fixed length control field 160318b 1979 sp xxu||||| |||| 00| 0 spa d
020 ## - ISBN
International Standard Book Number 8449907616
040 ## - FUENTE DE CATALOGACIÓN
Agencia que crea de manera original el registro BPMSU
Idioma de catalogación spa
Agencia que realiza la transcripción BPMSU
092 ## - LOCALLY ASSIGNED DEWEY DECIMAL CALL NUMBER
Número de clasificación xxxxx
Número de ítem (Cutter) xxxxx
100 1# - ASIENTO PRINCIPAL -- NOMBRE PERSONAL
Nombre personal Alegría, Ricardo E.
245 10 - MENCIÓN DE TITULO
Título El rey Miguel :
Subtítulo héroe puertorriqueño en la lucha por la libertad de los esclavos /
Mención de responsabilidad Ricardo E. Alegría.
260 10 - PUBLICACIÓN, DISTRIBUCIÓN, ETC. (PIE DE IMPRENTA)
Lugar de publicación, distribución, etc San Juan, Puerto Rico :
Nombre del editor, distribuidor, etc. Instituto de Cultura Puertorriqueña,
Fecha de publicación, distribución, etc 1979.
300 ## - DESCRIPCIÓN FÍSICA
Extensión 30 p. :
Otros detalles físicos il. ;
Dimensiones 22 cm.
490 1# - MENCIÓN DE SERIES
Mención de serie Libros del Pueblo
Volume/sequential designation 13
500 ## - NOTA GENERAL
Nota general Incluye referencias bibliográficas y notas al pie de las páginas.
504 ## - NOTA DE BIBLIOGRAFÍA, ETC.
Bibliography, etc Bibliografia: p. 29-30
830 #0 - ASIENTO SECUNDARIO DE SERIE--TÍTULO UNIFORME
Título uniforme Libros del Pueblo ;
Número de la parte o sección de una obra 13
942 ## - ADDED ENTRY ELEMENTS (KOHA)
Source of classification or shelving scheme Dewey Decimal Classification
Koha item type Libros
945 ## - INFORMACIÓN DE PROCESAMIENTO LOCAL
Información de procesamiento local Inventariado, 2018 / BT
956 ## - LOCAL ELECTRONIC LOCATION AND ACCESS (OCLC)
Método de acceso LOPEREZ
Materiales especificados 10
Existencias
Withdrawn status Lost status Source of classification or shelving scheme Damaged status Not for loan Collection code Home library Current library Date acquired Source of acquisition Total Checkouts Barcode Date last seen Price effective from Koha item type Copy number
    Dewey Decimal Classification     Colección Juvenil General Biblioteca Pública Metropolitana Salomé Ureña Biblioteca Pública Metropolitana Salomé Ureña 06/29/2016 Instituto de Cultura Puertoriqueña   BPMSU16060720 06/29/2016 06/29/2016 Libros  
    Dewey Decimal Classification     Colección Juvenil General Biblioteca Pública Metropolitana Salomé Ureña Biblioteca Pública Metropolitana Salomé Ureña 02/02/2018 Instituto de Cultura Puertoriqueña   BPMSU18020037 02/02/2018 02/02/2018 Libros e. 2